[Event "Madrid-ch Seniors 50"]
[Site "Madrid"]
[Date "2020.01.21"]
[Round "7"]
[White "Elissalt Cardenas, Hector"]
[Black "Nunez Munoz, Jesus"]
[Result "1-0"]
[WhiteElo "2270"]
[BlackElo "2162"]
[PlyCount "63"]
[EventDate "2020.01.13"]
[EventType "swiss"]
[EventRounds "9"]
[EventCountry "ESP"]
[SourceTitle "CBM 194 Extra"]
[Source "ChessBase"]
[SourceDate "2020.03.31"]
[SourceVersion "1"]
[SourceVersionDate "2020.03.31"]
[SourceQuality "1"]

1. c4 c5 2. Nc3 Nc6 3. g3 g6 4. Bg2 Bg7 5. e3 e6 6. Nge2 Nge7 7. 0-0 0-0 8. d4 cxd4 9. exd4 d5 10. cxd5 Nxd5 11. Be3 Nce7 12. Bg5 Qa5 13. Qd2 Nxc3 14. bxc3 Nd5 15. c4 Qxd2 16. Bxd2 Nb6 17. Rac1 Re8 18. Rfe1 Bf6 19. Be3 h5 20. Nc3 Rd8 21. Nb5 Bd7 22. Nd6 Bc6 23. Nxb7 Bxb7 24. Bxb7 Rab8 25. Ba6 Bxd4 26. Bf4 e5 27. Bxe5 Bxe5 28. Rxe5 Rd2 29. c5 Rxa2 30. Bb5 Rb2 31. cxb6 Rxb6 32. Rcc5 1-0

[Event "Madrid-ch Seniors 50"]
[Site "Madrid"]
[Date "2020.01.14"]
[Round "2"]
[White "Nunez Munoz, Jesus"]
[Black "Vinas Lopez, Carlos"]
[Result "1-0"]
[WhiteElo "2162"]
[BlackElo "1860"]
[PlyCount "137"]
[EventDate "2020.01.13"]
[EventType "swiss"]
[EventRounds "9"]
[EventCountry "ESP"]
[SourceTitle "CBM 194 Extra"]
[Source "ChessBase"]
[SourceDate "2020.03.31"]
[SourceVersion "1"]
[SourceVersionDate "2020.03.31"]
[SourceQuality "1"]

1. e4 c5 2. Nf3 e6 3. d3 Nc6 4. Nbd2 d5 5. g3 g6 6. Bg2 Bg7 7. 0-0 Nge7 8. c3 0-0 9. Re1 Qc7 10. Nf1 d4 11. Bd2 Rb8 12. Qc2 Qd6 13. e5 Qd8 14. c4 h6 15. h4 Kh7 16. Bf4 b5 17. b3 Nb4 18. Qd2 bxc4 19. bxc4 Qa5 20. Rab1 Bd7 21. Rb2 Qa6 22. Rb3 Qxa2 23. Qxa2 Nxa2 24. Ra3 Nb4 25. Rxa7 Rfd8 26. Rb1 Nec6 27. Ra3 Ra8 28. Rba1 Rxa3 29. Rxa3 Bf8 30. Ne1 Be7 31. Be4 Kg7 32. Nf3 Rb8 33. Kg2 Rb6 34. N1d2 Ra6 35. Rxa6 Nxa6 36. Nb3 Nab4 37. Kf1 Na2 38. Bd2 Ncb4 39. Bxb4 Nxb4 40. Nfd2 f5 41. exf6+ Kxf6 42. Ke2 g5 43. hxg5+ hxg5 44. Bg2 Ba4 45. Ne4+ Kf5 46. Nbxc5 Bc6 47. f3 g4 48. Nb3 gxf3+ 49. Bxf3 e5 50. Nbd2 Ba4 51. Nf2 Bg5 52. Be4+ Ke6 53. Nf3 Be7 54. Ng4 Bd6 55. Nh6 Bc6 56. Bxc6 Nxc6 57. Ng5+ Ke7 58. Nf5+ Kf6 59. Nxd6 Kxg5 60. Kf3 Kf6 61. Ke4 Ke6 62. Nf5 Nb4 63. Nh6 Nc6 64. g4 Ne7 65. g5 Ng6 66. Ng4 Kd6 67. Kf5 Ne7+ 68. Kf6 e4 69. dxe4 1-0

[Event "Madrid-ch Seniors 50"]
[Site "Madrid"]
[Date "2020.01.13"]
[Round "1"]
[White "Fernandez Garcia, Ignacio"]
[Black "Nunez Munoz, Jesus"]
[Result "0-1"]
[WhiteElo "1770"]
[BlackElo "2162"]
[PlyCount "82"]
[EventDate "2020.01.13"]
[EventType "swiss"]
[EventRounds "9"]
[EventCountry "ESP"]
[SourceTitle "CBM 194 Extra"]
[Source "ChessBase"]
[SourceDate "2020.03.31"]
[SourceVersion "1"]
[SourceVersionDate "2020.03.31"]
[SourceQuality "1"]

1. e4 c5 2. c3 Nf6 3. e5 Nd5 4. d4 cxd4 5. cxd4 d6 6. Nf3 Nc6 7. Bc4 Nb6 8. Bxf7+ Kxf7 9. Ng5+ Kg8 10. Qb3+ d5 11. Qf3 Qe8 12. e6 Nd8 13. Nc3 Nxe6 14. 0-0 Nxg5 15. Bxg5 Qf7 16. Qd1 e6 17. Bh4 Bd7 18. f4 Be7 19. Bg3 Bf6 20. Bf2 g6 21. b3 Kg7 22. g4 Rhf8 23. h4 Kh8 24. Bg3 Qe7 25. g5 Bg7 26. Ne2 Nc8 27. Rc1 Bb5 28. Rf2 Bxe2 29. Rxe2 Nd6 30. Rc3 Ne4 31. Rce3 Rac8 32. h5 Nxg3 33. Rxg3 Rxf4 34. hxg6 Bxd4+ 35. Kg2 Rcf8 36. Qd3 R8f5 37. gxh7 Rxg5 38. Rc2 Rxg3+ 39. Qxg3 Rf8 40. Rc7 Qf6 41. Rc1 Qf2+ 0-1

[Event "Madrid-ch sf"]
[Site "Madrid"]
[Date "2018.05.10"]
[Round "6"]
[White "Martinez Fernandez, Raul"]
[Black "Nunez Munoz, Jesus"]
[Result "1-0"]
[WhiteElo "2176"]
[BlackElo "2193"]
[PlyCount "105"]
[EventDate "2018.05.05"]
[EventType "swiss"]
[EventRounds "9"]
[EventCountry "ESP"]
[SourceTitle "CBM 184 Extra"]
[Source "ChessBase"]
[SourceDate "2018.06.28"]
[SourceVersion "1"]
[SourceVersionDate "2018.06.28"]
[SourceQuality "1"]

1. e4 d6 2. d4 Nf6 3. Nc3 e5 4. dxe5 dxe5 5. Qxd8+ Kxd8 6. Bc4 Be6 7. Bxe6 fxe6 8. Be3 c6 9. 0-0-0+ Kc7 10. f4 Ng4 11. Kd2 Nxe3 12. Kxe3 exf4+ 13. Kxf4 Bc5 14. Nf3 Nd7 15. Rhf1 Nf6 16. Ng5 Rae8 17. e5 Nd5+ 18. Kg3 Re7 19. Nce4 Bb6 20. Rf7 Rxf7 21. Nxf7 Ne3 22. Nxh8 Nxd1 23. Ng5 Kd7 24. Nxh7 Nxb2 25. Ng6 Nc4 26. Nhf8+ Ke8 27. Nxe6 Kf7 28. Nef4 Bc7 29. e6+ Kf6 30. Kf3 Ne5+ 31. Nxe5 Bxe5 32. h4 b5 33. g4 Bd6 34. Ke4 g5 35. hxg5+ Kxg5 36. Ne2 Kf6 37. Nd4 Bc5 38. Nxc6 Kxe6 39. Nd4+ Kf6 40. Nxb5 Kg5 41. Kd5 Bg1 42. c4 Kxg4 43. c5 a6 44. c6 Bb6 45. c7 Bxc7 46. Nxc7 a5 47. a4 Kf5 48. Kc5 Ke5 49. Nb5 Ke6 50. Kb6 Kd7 51. Kxa5 Kc8 52. Kb6 Kb8 53. a5 1-0

[Event "Madrid-ch sf"]
[Site "Madrid"]
[Date "2018.05.08"]
[Round "4"]
[White "Cuellar Gutierrez, Raul"]
[Black "Nunez Munoz, Jesus"]
[Result "0-1"]
[WhiteElo "1922"]
[BlackElo "2193"]
[PlyCount "71"]
[EventDate "2018.05.05"]
[EventType "swiss"]
[EventRounds "9"]
[EventCountry "ESP"]
[SourceTitle "CBM 184 Extra"]
[Source "ChessBase"]
[SourceDate "2018.06.28"]
[SourceVersion "1"]
[SourceVersionDate "2018.06.28"]
[SourceQuality "1"]

1. d4 Nf6 2. c4 e6 3. Nf3 b6 4. g3 Ba6 5. Qa4 Bb7 6. Bg2 c5 7. 0-0 Be7 8. Nc3 0-0 9. d5 exd5 10. Nh4 Bc6 11. Qb3 dxc4 12. Qxc4 Bxg2 13. Kxg2 d5 14. Qd3 d4 15. Qf3 Nbd7 16. Ne4 Nxe4 17. Qxe4 Bxh4 18. gxh4 Nf6 19. Qf4 Qd5+ 20. f3 Rfe8 21. Rf2 Re6 22. Qg5 Rae8 23. Qxd5 Nxd5 24. Kf1 f5 25. Bd2 Kf7 26. Rb1 f4 27. b4 c4 28. a4 c3 29. Bc1 Rc8 30. Rg2 Rg6 31. Rg4 Rc4 32. h3 h5 33. Rg5 Rxg5 34. hxg5 h4 35. Ke1 Kg6 36. Kf2 0-1

[Event "ESP-ch Seniors 50+"]
[Site "Altea"]
[Date "2017.10.11"]
[Round "5"]
[White "Clari Mascarell, Jose Javier"]
[Black "Nunez Munoz, Jesus"]
[Result "1/2-1/2"]
[WhiteElo "2047"]
[BlackElo "2199"]
[PlyCount "172"]
[EventDate "2017.10.07"]
[EventType "swiss"]
[EventRounds "9"]
[EventCountry "ESP"]
[SourceTitle "CBM 181 Extra"]
[Source "ChessBase"]
[SourceDate "2017.12.12"]
[SourceVersion "1"]
[SourceVersionDate "2017.12.12"]
[SourceQuality "1"]

1. d4 Nf6 2. Nf3 e6 3. Bg5 c5 4. e3 cxd4 5. exd4 b6 6. Bd3 Bb7 7. 0-0 Be7 8. Qe2 0-0 9. Nbd2 d6 10. c3 Nbd7 11. Bh4 Re8 12. Rfe1 Qc7 13. Ne4 Nxe4 14. Bxe4 Bxh4 15. Nxh4 Bxe4 16. Qxe4 Nf6 17. Qd3 Qb7 18. Nf3 Rac8 19. h3 b5 20. a3 h6 21. Nd2 a5 22. Rac1 Rc7 23. Ne4 Nxe4 24. Rxe4 Qd5 25. Re2 Rec8 26. Rec2 g6 27. Kh2 Kg7 28. f4 h5 29. Kg3 e5 30. fxe5 dxe5 31. Rd2 e4 32. Qe3 b4 33. axb4 axb4 34. Rdc2 f5 35. Qf4 Kh7 36. Kh2 Kg7 37. Ra1 Re7 38. Ra6 Qb5 39. Qg5 Qxa6 40. Qxe7+ Kh6 41. Qxb4 Qd3 42. Rc1 Re8 43. Qd6 Qd2 44. Rf1 Qg5 45. Qf4 e3 46. Qxg5+ Kxg5 47. Kg3 Rb8 48. h4+ Kf6 49. Rb1 g5 50. hxg5+ Kxg5 51. Kf3 f4 52. b4 Rc8 53. Rc1 Kf5 54. Rh1 Kg5 55. Rc1 Kf5 56. Ra1 Rxc3 57. Ra5+ Ke6 58. Kxf4 e2 59. Re5+ Kd6 60. Rxe2 Rc4 61. Ke4 Rxb4 62. Ra2 Rb3 63. Ra6+ Kd7 64. Rg6 h4 65. Ke5 h3 66. Rg7+ Kc8 67. gxh3 Rxh3 68. d5 Rh6 69. Kd4 Kd8 70. Kc5 Kc8 71. Rg4 Kd7 72. Ra4 Rg6 73. Rb4 Kc7 74. Re4 Kd7 75. Ra4 Rh6 76. Ra7+ Kd8 77. Ra8+ Kd7 78. Rg8 Kc7 79. Rg7+ Kd8 80. Rb7 Kc8 81. Re7 Kd8 82. Rg7 Kc8 83. Ra7 Kd8 84. d6 Rh1 85. Ra8+ Kd7 86. Ra7+ Kd8 1/2-1/2

[Event "Madrid-ch Seniors 50"]
[Site "Madrid"]
[Date "2017.01.11"]
[Round "3"]
[White "Paarup, Torsten"]
[Black "Nunez Munoz, Jesus"]
[Result "0-1"]
[WhiteElo "1979"]
[BlackElo "2186"]
[PlyCount "58"]
[EventDate "2017.01.09"]
[EventType "swiss"]
[EventRounds "9"]
[EventCountry "ESP"]
[SourceTitle "CBM 176 Extra"]
[Source "ChessBase"]
[SourceDate "2017.03.02"]
[SourceVersion "1"]
[SourceVersionDate "2017.03.02"]
[SourceQuality "1"]

1. e4 c6 2. Nc3 d5 3. Nf3 Bg4 4. d4 dxe4 5. Nxe4 Bxf3 6. Qxf3 Qxd4 7. Be3 Qxb2 8. Bc4 Qb4+ 9. Nd2 e6 10. 0-0 Nf6 11. Rab1 Qe7 12. Rfd1 Qc7 13. Bf4 Qc8 14. Qh3 Be7 15. Nf3 Nbd7 16. Ng5 Nc5 17. Be5 b5 18. Be2 Ncd7 19. Ba1 h6 20. Rb3 0-0 21. Nxe6 fxe6 22. Rg3 Kh8 23. Rg6 Rf7 24. Bd3 Qf8 25. Be4 Rd8 26. Bxc6 Ne5 27. Rxd8 Qxd8 28. Rxh6+ gxh6 29. Qxh6+ Rh7 0-1

[Event "Madrid-ch sf-A"]
[Site "Madrid"]
[Date "2007.01.22"]
[Round "7"]
[White "Nunez Munoz, Jesus"]
[Black "Lozano Cortijo, Mariano"]
[Result "1/2-1/2"]
[WhiteElo "2205"]
[BlackElo "2181"]
[PlyCount "78"]
[EventDate "2007.01.08"]
[EventType "swiss"]
[EventRounds "9"]
[EventCountry "ESP"]
[SourceTitle "EXT 2008"]
[Source "ChessBase"]
[SourceDate "2007.11.25"]
[SourceVersion "1"]
[SourceVersionDate "2007.11.25"]
[SourceQuality "1"]

1. e4 e6 2. d4 d5 3. Nd2 Be7 4. Ngf3 dxe4 5. Nxe4 Nf6 6. Nxf6+ Bxf6 7. Bd3 c5 8. dxc5 Qa5+ 9. c3 Qxc5 10. 0-0 Bd7 11. Qe2 Nc6 12. Rd1 Rd8 13. Bf4 e5 14. Bg5 Qe7 15. Bxf6 Qxf6 16. Re1 Bg4 17. Be4 0-0 18. Bxc6 bxc6 19. Qxe5 Bxf3 20. Qxf6 gxf6 21. gxf3 Rd2 22. Rab1 Rb8 23. b4 Rxa2 24. Ra1 Rc2 25. Rxa7 Rxc3 26. Ree7 Rf8 27. Kg2 Kg7 28. Rec7 Rc4 29. Rab7 Kg6 30. Rb6 Rg8 31. Rcxc6 Rf4 32. Kg3 Rf5 33. f4 Kh5+ 34. Kf3 Rg4 35. Rc4 Rh4 36. Rb7 Kg6 37. b5 Rxh2 38. b6 Rh3+ 39. Ke4 Rxf4+ 1/2-1/2

[Event "Madrid-ch sf-A"]
[Site "Madrid"]
[Date "2007.01.17"]
[Round "6"]
[White "Horcajada Reales, Guillermo"]
[Black "Nunez Munoz, Jesus"]
[Result "1-0"]
[WhiteElo "2188"]
[BlackElo "2205"]
[PlyCount "59"]
[EventDate "2007.01.08"]
[EventType "swiss"]
[EventRounds "9"]
[EventCountry "ESP"]
[SourceTitle "EXT 2008"]
[Source "ChessBase"]
[SourceDate "2007.11.25"]
[SourceVersion "1"]
[SourceVersionDate "2007.11.25"]
[SourceQuality "1"]

1. e4 c5 2. c3 Nf6 3. e5 Nd5 4. d4 cxd4 5. Nf3 Nc6 6. Bc4 Nb6 7. Bb3 d5 8. exd6 Qxd6 9. cxd4 e6 10. Nc3 Be7 11. 0-0 0-0 12. Be3 Nd5 13. Nxd5 exd5 14. Qd2 Bf5 15. Rac1 Qd8 16. a3 Bf6 17. Rc5 Be6 18. Rfc1 Rc8 19. Ba4 Be7 20. Bxc6 Bxc5 21. Bxb7 Rb8 22. dxc5 Rxb7 23. c6 Rc7 24. Nd4 Qa8 25. b4 a6 26. a4 Rfc8 27. b5 axb5 28. axb5 Qa4 29. h3 Bd7 30. Bf4 1-0

[Event "Madrid-ch sf-A"]
[Site "Madrid"]
[Date "2007.01.16"]
[Round "5"]
[White "Nunez Munoz, Jesus"]
[Black "Rabadan Velasco, Raul"]
[Result "0-1"]
[WhiteElo "2205"]
[BlackElo "2254"]
[PlyCount "71"]
[EventDate "2007.01.08"]
[EventType "swiss"]
[EventRounds "9"]
[EventCountry "ESP"]
[SourceTitle "EXT 2008"]
[Source "ChessBase"]
[SourceDate "2007.11.25"]
[SourceVersion "1"]
[SourceVersionDate "2007.11.25"]
[SourceQuality "1"]

1. e4 c5 2. Nf3 d6 3. d4 cxd4 4. Nxd4 Nf6 5. Nc3 e6 6. Be2 a6 7. Be3 Qc7 8. 0-0 b5 9. Bf3 Bb7 10. a3 Nbd7 11. Re1 Be7 12. g3 0-0 13. Bg2 Nc5 14. Bc1 Rfd8 15. Qe2 d5 16. exd5 Nxd5 17. Nxd5 Bxd5 18. Bxd5 Rxd5 19. c3 Bf6 20. Be3 Bxd4 21. Bxd4 Nb3 22. Rad1 Nxd4 23. Rxd4 Rxd4 24. cxd4 Rd8 25. Qe4 h6 26. Re2 Qc4 27. Re3 Rxd4 28. Qa8+ Kh7 29. Qxa6 Rd1+ 30. Kg2 Qf1+ 31. Kf3 Qh1+ 32. Ke2 Qf1+ 33. Kf3 Rd2 34. Qb6 Qxf2+ 35. Kg4 Qf5+ 36. Kh4 0-1

[Event "Madrid-ch sf-A"]
[Site "Madrid"]
[Date "2007.01.09"]
[Round "2"]
[White "Nunez Munoz, Jesus"]
[Black "Perez Cameselle, Francisco Jose"]
[Result "1-0"]
[WhiteElo "2205"]
[BlackElo "1984"]
[PlyCount "65"]
[EventDate "2007.01.08"]
[EventType "swiss"]
[EventRounds "9"]
[EventCountry "ESP"]
[SourceTitle "EXT 2008"]
[Source "ChessBase"]
[SourceDate "2007.11.25"]
[SourceVersion "1"]
[SourceVersionDate "2007.11.25"]
[SourceQuality "1"]

1. e4 c5 2. Nf3 Nc6 3. d4 cxd4 4. Nxd4 g6 5. c4 Bg7 6. Be3 Nf6 7. Nc3 Ng4 8. Qxg4 Nxd4 9. Qd1 Ne6 10. Rc1 d6 11. b4 0-0 12. Be2 a5 13. a3 axb4 14. axb4 Bd7 15. 0-0 f5 16. exf5 gxf5 17. Nd5 Bc6 18. b5 Bxd5 19. Qxd5 Qd7 20. Bd3 f4 21. Bb6 Kh8 22. Rfe1 Rf6 23. Bf5 Rxf5 24. Qxf5 Be5 25. Rcd1 Qc8 26. Rxe5 dxe5 27. Qxe5+ Kg8 28. Qd5 Kg7 29. Re1 Kf6 30. Qe5+ Kf7 31. h3 Qxc4 32. Qf5+ Ke8 33. Qxe6 1-0

[Event "Madrid op"]
[Site "Madrid"]
[Date "2006.10.07"]
[Round "2"]
[White "Nunez Munoz, Jesus"]
[Black "Martinez Garcia, Felipe"]
[Result "1-0"]
[WhiteElo "2184"]
[BlackElo "2028"]
[PlyCount "201"]
[EventDate "2006.10.06"]
[EventType "swiss"]
[EventRounds "9"]
[EventCountry "ESP"]
[SourceTitle "EXT 2007"]
[Source "ChessBase"]
[SourceDate "2006.11.23"]
[SourceVersion "1"]
[SourceVersionDate "2006.11.23"]
[SourceQuality "1"]

1. e4 e5 2. Nf3 Nf6 3. d4 Nxe4 4. Bd3 d5 5. Nxe5 Nd7 6. Nxd7 Bxd7 7. 0-0 Qh4 8. c4 0-0-0 9. c5 g5 10. Be3 f5 11. f3 f4 12. fxe4 fxe3 13. g3 Qh3 14. e5 h5 15. Qf3 Bh6 16. Nc3 h4 17. Ne2 hxg3 18. Qxg3 Qh5 19. Qf3 g4 20. Qg3 Bg5 21. Nf4 Qh6 22. Ng2 Qg7 23. Nf4 Bh4 24. Qxe3 g3 25. h3 Bg5 26. e6 Bc6 27. Bf5 Rdf8 28. Qd3 Kb8 29. Ng6 Rxf5 30. Rxf5 Be3+ 31. Qxe3 Qxg6 32. Qg5 Qxe6 33. Raf1 b6 34. Rf8+ Rxf8 35. Rxf8+ Kb7 36. Qxg3 Qe4 37. Qc3 Bb5 38. cxb6 axb6 39. Kh2 Qg6 40. Rf2 Bd3 41. Qd2 Qe4 42. Rf4 Qg6 43. Rg4 Qd6+ 44. Qf4 Qb4 45. b3 Be4 46. Rg7 Qc3 47. Qf2 Qc1 48. Rg1 Qh6 49. h4 Qd6+ 50. Qg3 Qa3 51. Qf2 Qd6+ 52. Rg3 Qh6 53. Rg5 Qd6+ 54. Kh3 Qe6+ 55. Kg3 Qd6+ 56. Qf4 Qb4 57. h5 Qxd4 58. Qf2 Qd3+ 59. Kh4 Qd1 60. Rg1 Qd3 61. h6 Bf5 62. Kg5 Bh7 63. Kf6 Qh3 64. Qf4 Qc3+ 65. Kf7 Qc6 66. Kg7 Be4 67. h7 Qd7+ 68. Qf7 Qxf7+ 69. Kxf7 Bxh7 70. Ke6 Be4 71. b4 b5 72. Ke5 Kb6 73. Kd4 Kc6 74. Ke5 Kb6 75. Rc1 c6 76. Ke6 Bd3 77. Rc5 Be4 78. Kd6 d4 79. Ke5 Bd5 80. Kxd4 Bxa2 81. Ke5 Bb1 82. Kd6 Be4 83. Rh5 Bf3 84. Rh8 Bg2 85. Rb8+ Ka7 86. Kc7 Bd5 87. Rf8 Bg2 88. Rf2 Bd5 89. Rf1 Bb3 90. Kxc6 Bc2 91. Ra1+ Ba4 92. Ra3 Kb8 93. Kb6 Kc8 94. Rc3+ Kd7 95. Rc5 Kd6 96. Rxb5 Bxb5 97. Kxb5 Kc7 98. Ka6 Kb8 99. Kb6 Ka8 100. b5 Kb8 101. Ka6 1-0

[Event "Madrid op"]
[Site "Madrid"]
[Date "2006.10.06"]
[Round "1"]
[White "Del Barrio Garcia, Alberto"]
[Black "Nunez Munoz, Jesus"]
[Result "0-1"]
[WhiteElo "2002"]
[BlackElo "2184"]
[PlyCount "72"]
[EventDate "2006.10.06"]
[EventType "swiss"]
[EventRounds "9"]
[EventCountry "ESP"]
[SourceTitle "EXT 2007"]
[Source "ChessBase"]
[SourceDate "2006.11.23"]
[SourceVersion "1"]
[SourceVersionDate "2006.11.23"]
[SourceQuality "1"]

1. e4 c5 2. Nf3 Nc6 3. d4 cxd4 4. Nxd4 Nf6 5. Nc3 d6 6. Bg5 e6 7. Qd2 Be7 8. f3 0-0 9. 0-0-0 Nxd4 10. Qxd4 Qa5 11. h4 e5 12. Qd2 Be6 13. Kb1 Rfd8 14. Nd5 Qxd2 15. Nxe7+ Kf8 16. Rxd2 Kxe7 17. c4 h6 18. Be3 b6 19. Be2 Rac8 20. b3 Nd7 21. g4 Nc5 22. Rc1 Rd7 23. b4 Nb7 24. c5 dxc5 25. Rxd7+ Kxd7 26. f4 exf4 27. Bxf4 cxb4 28. Bb5+ Ke7 29. Rxc8 Bxc8 30. Ba6 Kd8 31. Bc4 Nc5 32. Bxf7 Bxg4 33. Bg6 Bf3 34. h5 Bxe4+ 35. Ka1 Bxg6 36. hxg6 Ke7 0-1

[Event "Collado Villalba op-A 20th"]
[Site "Collado Villalba"]
[Date "2003.08.29"]
[Round "8"]
[White "Roa Alonso, Santiago"]
[Black "Nunez Munoz, Jesus"]
[Result "1-0"]
[WhiteElo "2380"]
[BlackElo "2195"]
[PlyCount "151"]
[EventDate "2003.08.22"]
[EventType "swiss"]
[EventRounds "9"]
[EventCountry "ESP"]
[SourceTitle "EXT 2004"]
[Source "ChessBase"]
[SourceDate "2003.11.25"]
[SourceVersion "1"]
[SourceVersionDate "2003.11.25"]
[SourceQuality "1"]

1. g3 Nf6 2. Bg2 d5 3. Nf3 Bg4 4. b3 Nbd7 5. Bb2 c6 6. 0-0 e6 7. c4 Bd6 8. d3 0-0 9. Nbd2 Re8 10. Rc1 Qe7 11. Rc2 a5 12. Qb1 a4 13. Rfc1 axb3 14. axb3 Bb4 15. Nf1 Bxf3 16. Bxf3 Nc5 17. Bxf6 gxf6 18. d4 Na6 19. Rd1 f5 20. Qc1 Bd6 21. Qh6 Qf8 22. Qh3 Nb4 23. Rcc1 Na2 24. Ra1 Nc3 25. Rdc1 Ne4 26. Bxe4 fxe4 27. e3 Qg7 28. Qh5 f5 29. Ra7 Rf8 30. Rca1 Rxa7 31. Rxa7 Bb8 32. Ra8 Qg4 33. Qxg4+ fxg4 34. c5 Kf7 35. b4 Ke7 36. Nd2 Bc7 37. Ra7 Rb8 38. h3 h5 39. hxg4 hxg4 40. Nf1 Kf6 41. Nd2 Bd8 42. Nb3 Kf5 43. Kf1 b6 44. Rf7+ Bf6 45. cxb6 Kg6 46. Rd7 Rxb6 47. Nc5 Rxb4 48. Nxe6 Kf5 49. Rd6 Rb6 50. Kg2 Be7 51. Ng7+ Kg5 52. Re6 Ba3 53. Re5+ Kg6 54. Nh5 Rb7 55. Nf4+ Kh7 56. Rh5+ Kg8 57. Rh6 Rc7 58. Rg6+ Kh8 59. Rxg4 Rg7 60. Rh4+ Rh7 61. Kh3 Bb4 62. Ng6+ Kg7 63. Rxh7+ Kxh7 64. Ne5 c5 65. dxc5 Bxc5 66. Nd7 Bb4 67. Nf6+ Kg6 68. Nxd5 Be1 69. Kg2 Kf5 70. f4 Ba5 71. Ne7+ Kg4 72. Nc6 Bc7 73. Ne5+ Bxe5 74. fxe5 Kf5 75. Kh3 Kxe5 76. Kg4 1-0

[Event "Alameda de Osuna op 7th"]
[Site "Madrid"]
[Date "2001.04.27"]
[Round "9"]
[White "Blanco Sanjuan, Jorge"]
[Black "Nunez Munoz, Jesus"]
[Result "0-1"]
[WhiteElo "2194"]
[BlackElo "2159"]
[PlyCount "150"]
[EventDate "2001.04.17"]
[EventType "swiss"]
[EventRounds "9"]
[EventCountry "ESP"]
[SourceTitle "EXT 2002"]
[Source "ChessBase"]
[SourceDate "2001.11.25"]
[SourceVersion "1"]
[SourceVersionDate "2001.11.25"]
[SourceQuality "1"]

1. d4 Nf6 2. Nf3 e6 3. g3 d5 4. Bg2 Be7 5. 0-0 0-0 6. c4 dxc4 7. Qc2 a6 8. a4 Bd7 9. Ne5 Bc6 10. Nxc6 Nxc6 11. Rd1 Nxd4 12. Rxd4 Qxd4 13. Be3 Qe5 14. Bf4 Qa5 15. Bxb7 Rab8 16. Bf3 Nd5 17. Bd2 Qb6 18. e4 Nf6 19. Bc3 Bb4 20. a5 Qc5 21. Nd2 Rfd8 22. Be2 Bxc3 23. bxc3 Rxd2 24. Qxd2 Nxe4 25. Qe3 Qxe3 26. fxe3 Nd6 27. Ra4 Rb5 28. Bxc4 Nxc4 29. Rxc4 c5 30. Ra4 Kf8 31. e4 f6 32. Kf2 Ke7 33. Ke3 Rb2 34. h3 Rg2 35. Kf4 Rc2 36. Ra3 Rb2 37. Ke3 Kd6 38. Kd3 f5 39. exf5 exf5 40. Kc4 Re2 41. Ra1 Re4+ 42. Kb3 Re3 43. Kc4 Re4+ 44. Kb3 g5 45. Rd1+ Kc6 46. Rf1 f4 47. gxf4 Rxf4 48. Rg1 h6 49. Re1 Kb5 50. Re6 Rh4 51. c4+ Kxa5 52. Re3 Rf4 53. Rg3 Kb6 54. Re3 Rf6 55. Ka4 h5 56. Rg3 Rg6 57. Rb3+ Kc7 58. Ka5 g4 59. hxg4 hxg4 60. Rg3 Kb7 61. Rb3+ Kc7 62. Rg3 Kd7 63. Rd3+ Ke7 64. Re3+ Kf7 65. Rg3 Kg7 66. Ka4 Kh6 67. Ka5 Kh5 68. Rd3 g3 69. Rd5+ Rg5 70. Rd1 g2 71. Rg1 Kh4 72. Kxa6 Kh3 73. Kb5 Kh2 74. Rd1 g1Q 75. Rxg1 Kxg1 0-1